|
|
|
|
| LEADER |
00000ny a22000003n 4500 |
| 003 |
CaPaEBR |
| 005 |
20110617121432.0 |
| 006 |
m u |
| 007 |
cr cn||||||||| |
| 008 |
200808r1988 sp |||||s|||||||||||spa d |
| 020 |
|
|
|a 9788476980408
|
| 035 |
|
|
|a 3366
|
| 040 |
|
|
|a FlNmELB
|c FlNmELB
|d vlex
|
| 050 |
1 |
4 |
|a KKT870
|b M971 1988eb
|
| 080 |
|
|
|a 347.441.134(460)
|
| 090 |
|
|
|c 1415
|d 1415
|
| 100 |
1 |
|
|a Muǫz Sabat,̌ Luis
|
| 245 |
1 |
4 |
|a Las clùsulas procesales en la contratacin̤ privada
|h [Recurso electrn̤ico]
|c Luis Muǫz Sabať
|
| 256 |
|
|
|a Servicio en ln̕ea
|
| 260 |
|
|
|a Barcelona :
|b Bosch,
|c 1988
|
| 300 |
|
|
|a 7-115 p
|
| 506 |
1 |
|
|a Contenido solo disponible en los productos indicados
|d vLex Global
|d vLex Global (Academic Edition, excluding Law Schools)
|d vLex Global (U.S. Academic Edition, Law Schools)
|d vLex Global (U.S. Academic Edition, excluding Law Schools)
|d vLex Global (Academic Edition, Law Schools)
|
| 740 |
0 |
|
|a vLex Libros (Servicios en ln̕ea)
|
| 856 |
4 |
0 |
|u http://vlex.com/source/3366
|z Acceso restringido
|
| 942 |
|
|
|c BOOK
|